00436nam a2200193Ia 4500008004100000020001800041050001400059100002100073245001700094245002400111250001800135260001000153260001600163260000900179300001600188300002000204300001000224500000800234170918s9999 xx 000 0 und d a9789810868741 bC713 2010 aCollins, Suzanne aMoking jay / cby Suzanne Collins. aFirst edition aUSA : bScholastic, c2010 a390 pages : billustrations ; c20cm. a800